00504 2200205 4500001002100000008004100021035002000062245005000082100002300132250000600155260004200161300001100203084001400214082000800228650001400236990001200250990001200262990001200274990001200286INLIS000000000000588 ind  a0010-0424000564 aTampil Cantik & MenarikcCici S. Setyaningrum aSetyaningrum, Cici a1 aKlaten :bSaka Mitra Kompetensic2009 a60 hlm a600 CIC t a600 aNon Fiksi a0722384 a0722385 a0722386 a0722387